| 000 | 00642nam a2200229 a 4500 | ||
|---|---|---|---|
| 001 | BRCA_7678 | ||
| 005 | 20190320205936.0 | ||
| 008 | 150813s1959----fr-a######---#000-0#fre-# | ||
| 041 | _afre | ||
| 044 | _afr | ||
| 050 | 4 |
_aNA7736.L3 _b.Ch38 1959 |
|
| 245 | 1 | 0 |
_aLe Chateau de Langeais _bautrefois et aujourd´hui. |
| 250 | _a6 | ||
| 260 |
_aLangeais, Francia _bBaptiste _c1959 |
||
| 300 |
_a16 p. _bil., 3 láminas _c21 cm. |
||
| 500 | _aU15 | ||
| 610 | 2 | 4 |
_aChateau de Langeais (Langeais, Francia) _918953 |
| 650 | 1 | 4 |
_aArquitectura _zLangeais, Francia _918954 |
| 650 | 1 | 4 |
_aCastillos históricos _918955 |
| 902 | _aGFM | ||
| 942 |
_2lcc _cB |
||
| 999 |
_c7352 _d7352 |
||